=LDR 00000nam 2200000 4500 =001 INLIS000000000008622 =005 20200421083526 =035 ##$$a 0010-061300000008622 =008 200421################g##########0#ind## =082 ##$$a 297.63 =090 ##$$a 297.63, Ass k =100 1#$$a Assiba'i, Mustafa Husni =245 1#$$a Kehidupan sosial menurut Islam /$c Mustafa Husni Assiba'i =260 ##$$a Bandung :$b cv. Diponegoro,$c 1981 =300 ##$$a 464 hlm, ; $c 14 x 21 cm =650 #4$$a Islam - Kehidupan =084 ##$$a 297.63 ASS k =250 ##$$a cet.2 =990 ##$$a DW00021547 =990 ##$$a DW00021547